Los combustibles y su tecnologia / (Record no. 140933)

MARC details
000 -LEADER
campo de control de longitud fija 00705nam a22002171 4500
001 - NÚMERO DE CONTROL
campo de control 140933
003 - IDENTIFICADOR DE NÚMERO DE CONTROL
campo de control ES-MaACL
005 - FECHA Y HORA DE LA ÚLTIMA TRANSACCIÓN
campo de control 20230906200201.0
007 - CAMPO FIJO DE DESCRIPCIÓN FÍSICA--INFORMACIÓN GENERAL
campo de control de longitud fija t|
008 - DATOS DE LONGITUD FIJA--INFORMACIÓN GENERAL
campo de control de longitud fija 070918s1969 sp ||||0| spa d
040 ## - FUENTE DE CATALOGACIÓN
Centro catalogador/agencia de origen M-BN
Lengua de catalogación spa
Centro/agencia transcriptor A2
080 ## - NÚMERO DE LA CLASIFICACIÓN DECIMAL UNIVERSAL
Número de la Clasificación Decimal Universal 662.62(02)
100 1# - ENTRADA PRINCIPAL--NOMBRE DE PERSONA
Nombre de persona Francis, Wilfrid.
9 (RLIN) 52182
245 14 - MENCIÓN DEL TÍTULO
Título Los combustibles y su tecnologia /
Mención de responsabilidad, etc. Wilfrid Francis ; traducido por Julian Dominguez Sanz... Revisado por Miguel Angel Montemayor.
260 ## - PUBLICACIÓN, DISTRIBUCIÓN, ETC.
Lugar de publicación, distribución, etc. Bilbao :
Nombre del editor, distribuidor, etc. Urmo,
Fecha de publicación, distribución, etc. [1969]
300 ## - DESCRIPCIÓN FÍSICA
Extensión 688 p. :
Otras características físicas il. ;
Dimensiones 25 cm.
650 14 - PUNTO DE ACCESO ADICIONAL DE MATERIA--TÉRMINO DE MATERIA
Término de materia o nombre geográfico como elemento de entrada Combustibles.
9 (RLIN) 11155
700 1# - ENTRADA AGREGADA--NOMBRE PERSONAL
Nombre de persona Domínguez Sanz, Julián.
9 (RLIN) 45250
700 1# - ENTRADA AGREGADA--NOMBRE PERSONAL
Nombre de persona Montemayor, Miguel Angel.
9 (RLIN) 82452
852 ## - LOCALIZACIÓN
Ubicación ES-MaACL
Número de control de estantería C-37678
Sublocalización o colección R.72188
Holdings
Estatus retirado Estado de pérdida Estado de daño No para préstamo Biblioteca de origen Biblioteca actual Ubicación en estantería Fecha de adquisición Fuente de adquisición Total de préstamos Signatura topográfica completa Código de barras Visto por última vez Precio de reemplazo Tipo de ítem Koha
        Biblioteca del Ateneo de Madrid Biblioteca del Ateneo de Madrid Depósito 2 17/01/2008     C-37678 1146648 23/02/2023 23/02/2023 Libro impreso